| 000 | 00423nmm a2200157Ia 4500 | ||
|---|---|---|---|
| 008 | 251105s9999||||xx |||||||||||||||||und|| | ||
| 020 | _a9788498384963 | ||
| 041 | _aspa | ||
| 100 | _aFaye, Éric | ||
| 245 | 0 | _aLa intrusa | |
| 264 |
_a[Madrid, España] : _bEdiciones Salamandra, _c2013 |
||
| 300 | _a112 páginas | ||
| 650 | _aFrench narrative | ||
| 856 | _uhttps://public.digitaliapublishing.com/a/48223 | ||
| 942 | _cCF | ||
| 999 |
_c91736 _d91736 |
||